000 00693nam a2200241 i 4500
001 C2-0276797
003 PPAK
005 20180728005102.0
008 061205s2006 my |||| ||||| | may d
020 _a9833793029
040 _aPPAK
_beng
_cPPAK
_erda
082 0 4 _a297.124
_223
090 0 0 _a297.124
_bZUL
_dG
100 0 _aZulkifli Mohamad Al-Bakri,
_eauthor
245 1 0 _aAl-Maalim al-hadhariah :
_bsiri 6
264 1 _aKuala Terangganu, Terengganu :
_bMajlis Agama Islam dan Adat Melayu Terengganu ,
_c2006
300 _a36 pages ;
_c21 cm
336 _2rdacontent
_atext
337 _2rdamedia
_aunmediated
338 _2rdacarrier
_avolume
650 1 0 _aHadith.
942 _ddc
_cB
999 _c84166
_d84166